| 000 | 01164nam a22002777a 4500 | ||
|---|---|---|---|
| 001 | BD-DhSAU | ||
| 003 | BD-DhSAU | ||
| 005 | 20250722101047.0 | ||
| 008 | 150420b2005 bg ||||| m||| 00| 0 eng d | ||
| 040 | _aBD-DhSAU | ||
| 082 |
_222 _a630.715 _bB2252 |
||
| 100 |
_aBANIK, BISHAL _eRegistration No. # 20-11136 |
||
| 245 |
_aSustainability of agricultural mechanization in rangpur district / _bMS thesis |
||
| 260 |
_aSher-e-Bangla Agricultural Uniersity : _bDepartment of Agricultural Extension and Information System; _c2022. |
||
| 300 |
_axiii, 73 p. ; _c30 cm. |
||
| 500 | _aMS thesis of Department of Agricultural Extension and Information System, Faculty of Agriculture, Sher-e-Bangla Agricultural University, Dhaka, Bangladesh | ||
| 504 | _aIncludes bibliographical reference. | ||
| 590 | _aNazmul | ||
| 650 | _asustainability of agricultural mechanization | ||
| 650 | _arangpur district | ||
| 651 | _akishoreganj district | ||
| 700 |
_aProf. Dr. Ranjan Roy _eSuperviser |
||
| 700 |
_aProf. Md. Abul Bashar _eCo-superviser |
||
| 856 | _uhttp://archive.saulibrary.edu.bd:8080/xmlui/handle/123456789/5352 | ||
| 942 |
_2ddc _cTHESIS |
||
| 999 |
_c17476 _d17475 |
||